[Event "3rd Memorial Warakomska 2019"]
[Site "Suwalki"]
[Date "2019.08.05"]
[Round "1.39"]
[White "Kulon, Klaudia"]
[Black "Klimkowski, Jan"]
[Result "1-0"]
[WhiteElo "2331"]
[BlackElo "1985"]
[Annotator "NA RC"]
[PlyCount "65"]
[EventDate "2019.08.05"]
[EventType "swiss"]
[EventCountry "POL"]
[TimeControl "40/5400+30:1800+30"]

1. c4 {[%emt 0:00:00]} c5 {[%emt 0:00:00]} 2. g3 {[%emt 0:00:00]} Nc6 {[%emt 0:00:00]} 3. Bg2 {[%emt 0:00:00]} g6 {[%emt 0:00:02]} 4. e3 {[%emt 0:00:13]} Bg7 {[%emt 0:00:17]} 5. Ne2 {[%emt 0:00:16]} e5 {[%emt 0:00:21]} 6. Nbc3 {[%emt 0:00:39]} Nge7 {[%emt 0:00:28]} 7. a3 {[%emt 0:02:20]} d6 {[%emt 0:02:48]} 8. Rb1 {[%emt 0:00:55]} a5 {[%emt 0:00:35]} 9. O-O {[%emt 0:01:06]} O-O {[%emt 0:00:55]} 10. h3 {[%emt 0:00:19]} Be6 {[%emt 0:01:33]} 11. Nd5 {[%emt 0:00:15]} f5 {[%emt 0:01:49]} 12. d3 {[%emt 0:00:57]} Kh8 {[%emt 0:03:27]} 13. Bd2 {[%emt 0:04:29]} g5 {[%emt 0:04:29]} 14. f4 {[%emt 0:05:33]} Ng6 {[%emt 0:06:00]} 15. fxg5 {[%emt 0:01:53]} Rb8 {[%emt 0:02:25]} 16. h4 {[%emt 0:00:49]} e4 {[%emt 0:08:39]} 17. dxe4 {[%emt 0:13:02]} fxe4 {[%emt 0:04:40]} 18. Rxf8+ {[%emt 0:01:56]} Qxf8 {[%emt 0:01:45]} 19. h5 {[%emt 0:01:41]} Nge7 {[%emt 0:01:18]} 20. Nef4 {[%emt 0:02:05]} Bf5 {[%emt 0:01:35]} 21. g4 {[%emt 0:01:39]} Bc8 {[%emt 0:01:19]} 22. Bxe4 {[%emt 0:03:30]} Ne5 {[%emt 0:06:33]} 23. h6 {[%emt 0:02:06]} Bxg4 {[%emt 0:01:04]} 24. Qf1 {[%emt 0:02:49]} Bxh6 {[%emt 0:02:42]} 25. gxh6 {[%emt 0:00:21]} Qxh6 {[%emt 0:03:21]} 26. Nxe7 {[%emt 0:02:24]} Qg5 {[%emt 0:00:15]} 27. Qg2 {[%emt 0:00:29]} Qxe7 {[%emt 0:00:08]} 28. Bc3 {[%emt 0:00:20]} Be6 {[%emt 0:02:06]} 29. Kf2 {[%emt 0:03:05]} Rg8 {[%emt 0:04:07]} 30. Qh2 {[%emt 0:00:10]} Qf7 {[%emt 0:02:29]} 31. Qxh7+ {[%emt 0:01:59]} Qxh7 {[%emt 0:00:52]} 32. Bxh7 {[%emt 0:00:02]} Kxh7 {[%emt 0:01:21]} 33. Bxe5 {[%emt 0:00:08]} 1-0

[Event "3rd Memorial Warakomska 2019"]
[Site "Suwalki"]
[Date "2019.08.05"]
[Round "1.40"]
[White "Advait, Bagri"]
[Black "Wiewiora, Eneasz"]
[Result "0-1"]
[WhiteElo "1968"]
[BlackElo "2344"]
[Annotator "TA"]
[PlyCount "110"]
[EventDate "2019.08.05"]
[EventType "swiss"]
[EventCountry "POL"]
[SourceTitle "playchess.com"]
[Source "ChessBase"]
[SourceQuality "1"]

{[%evp 15,110,51,50,12,41,12,6,12,22,12,8,0,0,-18,-16,-8,-12,-21,-13,-14,-12,-53,0,-36,-42,-41,-35,-22,0,0,0,0,33,0,40,0,0,0,8,0,0,0,0,-14,-10,-111,-111,-100,-100,-94,-73,-93,-80,-52,-45,-111,-111,-111,-105,-94,-78,-37,-37,-145,-145,-152,-152,-164,-152,-152,-141,-147,-139,-375,-371,-407,-378,-369,-359,-356,-357,-406,-384,-390,-368,-471,-463,-452,-456,-632,-638,-641,-649,-681,-653,-775,-748]} 1. e4 d6 2. d4 Nf6 3. Nc3 e5 4. Nf3 Nbd7 5. Bc4 Be7 6. O-O O-O 7. Re1 c6 8. a4 b6 9. dxe5 {C41: Philidor Defence} (9. h3 a6 10. Ba2 Rb8 11. Be3 b5 12. axb5 axb5 13. b4 Bb7 14. Bb3 exd4 15. Nxd4 d5 16. exd5 Bxb4 17. Bd2 cxd5 18. Ncxb5 Bxd2 19. Qxd2 {½-½ (30) Kryvoruchko,Y (2705)-Laznicka,V (2671) Brest 2018}) 9... Nxe5 10. Nxe5 $146 ({Predecessor:} 10. Be2 Nxf3+ 11. Bxf3 Nd7 12. Bf4 Ne5 13. Be2 a6 14. Bf1 Bb7 15. Ne2 Qc7 16. Nd4 g6 {0-1 (50) Nevostrujev,V (2466)-Vekshenkov,N (2384) Novosibirsk 1999}) 10... dxe5 11. Qe2 {The position is equal.} h6 12. h3 Bb4 13. Be3 Qe7 14. Qf3 Be6 {White must now prevent ...Bxc3.} 15. Bxe6 Qxe6 16. Red1 Bxc3 17. bxc3 c5 18. a5 Rfd8 (18... Qc6 $1 $15) 19. axb6 axb6 20. Rxd8+ Rxd8 21. Qf5 Re8 (21... Qxf5 {with more complications.} 22. exf5 Ne4 23. Rb1 Rd6 24. c4 Rc6) 22. Qxe6 Rxe6 $11 {[%mdl 4096] Endgame KRB-KRN} 23. f3 Rd6 24. c4 h5 25. g4 hxg4 26. hxg4 Nd7 27. Kf2 f6 28. Ke2 Nf8 29. Ra6 Ne6 30. c3 (30. Ra7 $11 {remains equal.}) 30... g5 $1 $17 31. Ra7 Nf8 (31... Kf8 {is more complex.} 32. Rh7 Rc6 33. Rh8+ Kf7 34. Bc1 Ke7) 32. Ra6 {Threatening Bxc5!} Nd7 33. Bf2 Kf7 34. Be3 Ke7 35. Ra7 {[#]} ({White should try} 35. Ra8 $1 $15) 35... Kd8 $1 36. Ra8+ {[#]} Kc7 $1 37. Ra1 Nb8 38. Ra7+ Kc8 39. Ra8 (39. Rh7 $15) 39... Kb7 40. Ra1 Nc6 41. Rb1 {Strongly threatening Bxc5.} Kc7 42. Ra1 Rd8 43. Bf2 Rh8 44. Bg3 $2 (44. Be3 $17 {was necessary.}) 44... Na5 $19 45. Ra4 Rh1 46. Bf2 {intending Bxc5!} Kc6 47. Be1 Rh8 48. Bf2 {[#]} Nxc4 $1 {[%mdl 512]} 49. Ra7 ({Reject} 49. Rxc4 Kb5 $19) 49... Rd8 50. Rf7 Rd2+ {Black is clearly winning.} 51. Ke1 Rd6 52. Rf8 Kb5 53. Ra8 Nb2 54. Ke2 Kc4 55. Rc8 Na4 {Accuracy: White = 30%, Black = 76%.} 0-1

[Event "3rd Memorial Warakomska 2019"]
[Site "Suwalki"]
[Date "2019.08.05"]
[Round "1.41"]
[White "Paszewski, Mateusz"]
[Black "Lis, Mateusz"]
[Result "1/2-1/2"]
[WhiteElo "2324"]
[BlackElo "2007"]
[Annotator "TA"]
[PlyCount "68"]
[EventDate "2019.08.05"]
[EventType "swiss"]
[EventCountry "POL"]
[SourceTitle "playchess.com"]
[Source "ChessBase"]
[SourceQuality "1"]

{[%evp 10,68,21,11,21,21,36,27,20,10,25,20,16,16,16,16,17,21,14,14,33,0,0,0,9,6,6,5,5,8,20,21,19,4,11,16,12,0,0,3,10,0,18,0,0,3,2,1,8,0,9,5,8,0,0,0,9,0,24,0,10]} 1. Nf3 Nf6 2. g3 d5 3. Bg2 e6 4. O-O Bd6 5. c4 O-O 6. b3 Nbd7 {A13: English Opening: 1...e6} 7. Bb2 b6 8. Nc3 Bb7 {White has an edge.} 9. e3 c5 (9... a6 10. Qe2 Qe7 11. d4 Rac8 12. Rfd1 Rfd8 {0-1 (52) Wei,Y (2734)-Wang,H (2710) Tianjin 2018}) 10. cxd5 Nxd5 11. Nxd5 Bxd5 12. d4 Nf6 $146 ({Predecessor:} 12... Rc8) 13. Rc1 Rc8 14. Qe2 Qe7 15. Qa6 Bb7 16. Qe2 ({Don't blunder} 16. Qxa7 $2 Ra8 $19) 16... Rfd8 17. Rfd1 h6 18. dxc5 Bxc5 19. Ne5 Bxg2 20. Kxg2 Nd7 21. Nxd7 Rxd7 22. Qg4 {[%csl Gb2][%cal Rg4g7] [#]} f5 23. Qg6 Rcd8 24. Rxd7 Qxd7 25. Kg1 Bf8 26. Bd4 Rc8 27. Rxc8 Qxc8 28. h4 Qd7 29. Kh2 Bc5 30. Be5 a5 31. h5 Bf8 32. Bd4 Bc5 33. Be5 Bf8 34. Bd4 Bc5 {Accuracy: White = 55%, Black = 59%.} 1/2-1/2

[Event "3rd Memorial Warakomska 2019"]
[Site "Suwalki"]
[Date "2019.08.05"]
[Round "1.42"]
[White "Bommini Mounika Akshaya"]
[Black "Ashwath, R.."]
[Result "1-0"]
[WhiteElo "2063"]
[BlackElo "2365"]
[Annotator "TA"]
[PlyCount "66"]
[EventDate "2019.08.05"]
[EventType "swiss"]
[EventCountry "POL"]
[SourceTitle "playchess.com"]
[Source "ChessBase"]
[SourceQuality "1"]

{[%evp 9,66,9,7,0,6,8,6,-18,2,-22,-39,-54,-33,-34,-35,-31,-16,-102,-75,-106,29,33,27,-14,-12,-15,22,0,-4,0,6,-35,-10,-31,-35,-40,-25,-15,-27,-27,-28,-28,-21,-19,49,45,43,-3,-6,-6,-8,-142,-151,-185,-190,-888,-888,-1188,-1155]} 1. d4 d5 2. Bf4 c5 3. e3 cxd4 4. exd4 Nc6 5. c3 Bf5 (5... Nf6 6. Nd2 Bg4 7. Qb3 Qc8 8. Ngf3 e6 9. Bd3 Bh5 10. O-O Bg6 11. Bxg6 hxg6 12. Rae1 Be7 13. g3 O-O 14. Ne5 Nxe5 15. dxe5 Nd7 16. h4 Nc5 17. Qc2 Qc6 18. Re3 Qa6 19. Qb1 Rac8 20. Kg2 b5 {0-1 (50) Duda,J (2738)-Van Foreest,J (2612) Wijk aan Zee 2019}) 6. Nf3 {B13: Caro-Kann: Exchange Variation and Panov-Botvinnik Attack} e6 7. Qb3 Qd7 8. Nbd2 {The position is equal.} f6 9. Be2 g5 10. Bg3 h5 11. h3 $1 Nge7 12. Nf1 Be4 13. Qd1 $146 (13. Ne3 $11 {remains equal.}) ({Predecessor:} 13. N1d2) 13... Nf5 14. N3d2 h4 (14... Bxg2 $17 15. Bxh5+ Kd8) 15. Nxe4 $11 dxe4 16. Bh5+ Kd8 17. Bh2 Ncxd4 {White must now prevent ...Rxh5!} 18. Bg6 Rh6 19. Bxf5 $1 Nxf5 20. Qg4 {Rd1 is the strong threat.} (20. Qe2 $5 {[%cal Ra1d1]}) 20... Ke7 21. Qxe4 Rd8 22. Qe2 Qc6 23. Ne3 Nxe3 24. fxe3 Kf7 $36 {[%mdl 2048] Black is more active.} 25. O-O Bc5 26. Rad1 Rg8 (26... Rxd1 $11 27. Rxd1 Qe4) 27. b4 $14 Be7 28. Rd3 {[#]} (28. b5 $5 {[%cal Rb5c6]} Qc8 29. Bd6 $11) 28... g4 $1 {[%mdl 512]} 29. hxg4 h3 30. Rf4 {[#]} (30. e4 $11 hxg2 31. Rf2 (31. Kxg2 Qb5 $17)) 30... e5 $1 $17 {[%cal Re5f4]} 31. Rf5 {[#]} Qe4 $1 32. Rf3 $2 (32. Rd2) 32... hxg2 $19 {( -> ...Rxh2!)} 33. Qxg2 Qxd3 {[%mdl 32768] Accuracy: White = 40%, Black = 66%. . Loss on time!?} 1-0

[Event "3rd Memorial Warakomska 2019"]
[Site "Suwalki"]
[Date "2019.08.05"]
[Round "1.43"]
[White "Gurbanov, Andrei"]
[Black "Checiak, Krzysztof"]
[Result "1-0"]
[WhiteElo "2305"]
[BlackElo "2057"]
[Annotator "TA"]
[PlyCount "109"]
[EventDate "2019.08.05"]
[EventType "swiss"]
[EventCountry "POL"]
[SourceTitle "playchess.com"]
[Source "ChessBase"]
[SourceQuality "1"]

{[%evp 23,109,27,60,20,13,10,55,0,5,0,13,9,34,36,36,37,44,22,60,44,43,14,3,0,0,0,35,30,37,40,57,25,29,31,32,34,30,15,61,0,4,0,0,0,0,0,45,32,57,6,89,0,162,169,193,93,182,128,178,182,182,191,175,188,196,155,204,206,275,206,1302,552,721,717,619,531,463,409,503,497,29973,29974,29987,29988,29991,29992,29992,29992]} 1. d4 d5 2. c4 c6 3. Nf3 Nf6 4. Nc3 e6 5. cxd5 exd5 6. Bg5 Nbd7 7. e3 Be7 8. Bd3 O-O 9. Qc2 Re8 10. O-O Nf8 11. h3 Be6 12. Rab1 a5 13. Ne5 {D36: Queen's Gambit Declined: Exchange Variation: Main line (5 Bg5 c6 6 Qc2)} N6d7 14. Bxe7 {[#]} Rxe7 $146 (14... Qxe7 {is interesting.} 15. f4 f6 16. Nf3 g6 17. Rbe1 f5) ({Predecessor:} 14... Qxe7 15. f4 f6 16. Nxd7 Qxd7 17. Rf3 Re7 18. b4 Qd6 19. bxa5 Rxa5 20. a4 Bf7 {½-½ (20) Ivanisevic,I (2602)-Stojanovic,M (2576) Vrsac 2007}) 15. f4 {White is slightly better.} f6 16. Nf3 Bf7 17. Rbe1 Qb6 18. Qf2 Rae8 19. Nh4 g6 20. g4 c5 {Threatens to win with ...cxd4.} 21. Nf3 cxd4 22. exd4 Rxe1 23. Rxe1 Rxe1+ 24. Nxe1 Nb8 25. f5 Nc6 26. Nf3 Qc7 27. Kg2 Qf4 28. Ne2 Qd6 29. a3 Kg7 30. Bb1 b5 {[%cal Bb7b5,Bb5b4][%mdl 32]} 31. Ba2 ({Better is} 31. Bd3 $14) 31... b4 32. Qe3 Nd7 33. a4 Nb6 34. b3 Ne7 35. Bb1 g5 36. Ng3 (36. h4 $14 h6 37. Bd3 (37. hxg5 hxg5 38. Nxg5 fxg5 $16)) 36... h6 {[#]} (36... Kf8 $11) 37. h4 (37. Ne5 $1 $16) 37... gxh4 $2 (37... Kf8 $11) 38. Nxh4 $18 Nbc8 {[#]} 39. Kf2 (39. Ng6 $1 $18 {[%mdl 512] and White stays clearly on top. Strongly threatening Nh5+.} Ng8 (39... Nxg6 40. fxg6) 40. Nh5+ Kh7 41. Nhf4) 39... Nc6 (39... Qc7 $16 {is a better defense.}) 40. Ng2 ({White should try} 40. Ng6 $18) 40... Qc7 41. Nf4 Qd6 42. Ne6+ Kh7 43. Kg2 N8e7 44. Ne2 Ng8 45. N2f4 Nce7 46. Qh3 {Hoping for g5.} Bxe6 $2 (46... Kh8 47. Qg3 Qc6) 47. fxe6+ (47. Nxe6 $142 Nc8 48. g5) 47... Kh8 48. Qd3 {[%csl Gb1][%cal Rd3h7]} f5 49. Qe3 Nf6 50. Bxf5 Kg7 51. Bd3 Nc6 (51... Kg8 $18 52. Qf3 Nh7) 52. Qg3 {White mates.} Qe7 53. g5 Ne4 54. gxh6+ Kh7 55. Bxe4+ {Played: Nf4xd5} 1-0

[Event "3rd Memorial Warakomska 2019"]
[Site "Suwalki"]
[Date "2019.08.05"]
[Round "1.44"]
[White "Jankowiak, Tomasz"]
[Black "Efroimski, Marsel"]
[Result "1/2-1/2"]
[WhiteElo "2104"]
[BlackElo "2318"]
[Annotator "TA"]
[PlyCount "111"]
[EventDate "2019.08.05"]
[EventType "swiss"]
[EventCountry "POL"]
[SourceTitle "playchess.com"]
[Source "ChessBase"]
[SourceQuality "1"]

{[%evp 23,111,0,0,-6,-4,-3,-5,-7,-9,-9,-2,-5,-1,-2,-2,-6,-2,0,0,-2,0,0,8,4,2,0,0,0,0,0,0,0,0,0,0,0,0,-4,0,0,0,0,0,0,0,-22,0,0,0,0,9,0,0,0,0,0,0,0,0,-15,-15,-15,-15,-19,-19,-19,-19,-20,-10,-26,-7,-8,-8,-8,-8,-26,0,0,0,0,0,0,0,0,0,0,0,-8,0,0]} 1. e4 c5 2. Nf3 Nc6 ({Predecessor:} 2... d6 3. d4 cxd4 4. Nxd4 Nf6 5. Nc3 {½-½ (64) Ivanovic,B (2495)-Popovic,P (2545) Yugoslavia 1995}) 3. d4 cxd4 4. Nxd4 Nf6 5. Nc3 d6 6. Bg5 e6 7. Qd2 Be7 8. O-O-O O-O 9. f4 h6 10. Bxf6 Bxf6 11. Nxc6 bxc6 12. Qxd6 Qb6 13. e5 $146 {B64: Sicilian: Richter-Rauzer: 7...Be7 8 0-0-0 0-0 9 f4 without 9...Nxd4} (13. Qd3 Rb8 14. b3 Rd8 15. Qf3 Bd4 16. Bc4 Qb4 17. Rd3 c5 18. Rhd1 Qa3+ 19. Kd2 Ba6 20. Bxa6 Qxa6 21. Ke1 Bxc3+ 22. Rxc3 Rxd1+ 23. Qxd1 {0-1 (35) Navara,D (2730)-Popov,I (2650) Minsk 2015}) 13... Rd8 14. Qa3 Qe3+ {[%mdl 64] [#] Double Attack} 15. Kb1 $132 {[%mdl 2048] White puts up resistance} Rxd1+ 16. Nxd1 Qxa3 17. bxa3 Rb8+ 18. Kc1 Be7 19. Bc4 Bxa3+ 20. Kd2 Rb1 21. c3 Rb7 22. Re1 Rd7+ 23. Kc2 Kf8 24. Nf2 Rb7 {[#] Hoping for ...Rb2+.} 25. Nd3 Bd7 26. Rb1 Rxb1 27. Kxb1 $11 {[%mdl 4096] Endgame KBB-KBN} g5 28. fxg5 hxg5 29. Nf2 Bc5 30. Ng4 Bg1 31. Be2 c5 32. Bf3 Bb5 33. Kc2 Bc4 34. a3 Ke7 35. Kd2 Bb3 36. g3 Ba2 37. h4 gxh4 38. gxh4 Bb1 39. h5 Kf8 40. h6 Kg8 41. Be2 Bf5 42. Nf6+ Kh8 $1 43. Bh5 Bh2 44. Nd7 Bf4+ 45. Ke2 Bxh6 46. Nxc5 Bf8 47. Nd7 Bxa3 48. Bxf7 Kg7 49. Bh5 Bg6 (49... Kh6 {feels hotter.} 50. Be8 Kg5 51. Ke3 a5 52. Kd2 Kf4) 50. Bxg6 {The position is equal.} Kxg6 {KB-KN} 51. Kd3 Kf5 52. Kc4 Bc1 53. Kb5 Bf4 54. c4 {Strongly threatening c5.} Bxe5 55. c5 Bg3 56. c6 {Accuracy: White = 71%, Black = 69%.} 1/2-1/2

[Event "3rd Memorial Warakomska 2019"]
[Site "Suwalki"]
[Date "2019.08.05"]
[Round "1.45"]
[White "Fiedorek, Michal"]
[Black "Czarniecka, Aleksandra"]
[Result "1-0"]
[WhiteElo "2241"]
[BlackElo "2042"]
[Annotator "NA"]
[PlyCount "81"]
[EventDate "2019.08.05"]
[EventType "swiss"]
[EventCountry "POL"]
[SourceTitle "playchess.com"]
[Source "ChessBase"]
[SourceQuality "1"]
[TimeControl "40/5400+30:1800+30"]

1. e4 {[%emt 0:00:00]} c5 {[%emt 0:00:00]} 2. Nf3 {[%emt 0:00:00]} d6 {[%emt 0:00:11]} 3. d4 {[%emt 0:00:14]} cxd4 {[%emt 0:00:14]} 4. Nxd4 {[%emt 0:00:14]} Nf6 {[%emt 0:00:06]} 5. Nc3 {[%emt 0:00:16]} e6 {[%emt 0:00:57]} 6. Be3 {[%emt 0:00:41]} Nc6 {[%emt 0:01:55]} 7. f3 {[%emt 0:01:45]} Be7 {[%emt 0:04:49]} 8. Qd2 {[%emt 0:01:44]} O-O {[%emt 0:06:28]} 9. O-O-O {[%emt 0:09:24]} d5 {[%emt 0:05:00]} 10. exd5 {[%emt 0:23:10]} Nxd5 {[%emt 0:10:52]} 11. Nxd5 {[%emt 0:03:01]} Qxd5 {[%emt 0:07:18]} 12. Nb3 {[%emt 0:06:59]} Qxd2+ {[%emt 0:04:10]} 13. Rxd2 {[%emt 0:02:30]} Nb4 {[%emt 0:06:50]} 14. Kb1 {[%emt 0:05:21]} Nd5 {[%emt 0:02:10]} 15. Bc5 {[%emt 0:07:13]} Bxc5 {[%emt 0:09:16]} 16. Nxc5 {[%emt 0:00:34]} b6 {[%emt 0:00:41]} 17. Ne4 {[%emt 0:06:30]} Bb7 {[%emt 0:07:17]} 18. Bb5 {[%emt 0:03:30]} Nc7 {[%emt 0:07:24]} 19. Ba4 {[%emt 0:10:31]} Bxe4 {[%emt 0:07:14]} 20. fxe4 {[%emt 0:00:06]} b5 {[%emt 0:00:20]} 21. Rd7 {[%emt 0:04:15]} Rac8 {[%emt 0:02:39]} 22. Bb3 {[%emt 0:00:15]} a5 {[%emt 0:00:30]} 23. a4 {[%emt 0:04:09]} b4 {[%emt 0:06:42]} 24. Rhd1 {[%emt 0:07:49]} Na6 {[%emt 0:05:01]} 25. Ra7 {[%emt 0:00:56]} Ra8 {[%emt 0:01:14]} 26. Rdd7 {[%emt 0:00:46]} Nc5 {[%emt 0:00:43]} 27. Rxf7 {[%emt 0:00:45]} Rxa7 {[%emt 0:01:51]} 28. Rxa7 {[%emt 0:00:08]} Nxb3 {[%emt 0:01:27]} 29. cxb3 {[%emt 0:00:06]} Rf4 {[%emt 0:00:28]} 30. e5 {[%emt 0:00:41]} Rf2 {[%emt 0:00:35]} 31. Rxa5 {[%emt 0:00:15]} Rxg2 {[%emt 0:00:03]} 32. Ra8+ {[%emt 0:01:33]} Kf7 {[%emt 0:00:06]} 33. a5 {[%emt 0:00:27]} Rd2 {[%emt 0:01:01]} 34. a6 {[%emt 0:00:18]} Rd5 {[%emt 0:00:27]} 35. a7 {[%emt 0:00:36]} Ra5 {[%emt 0:00:06]} 36. Kc2 {[%emt 0:00:11]} Kg6 {[%emt 0:01:14]} 37. Kd3 {[%emt 0:00:31]} Kg5 {[%emt 0:00:21]} 38. Kc4 {[%emt 0:00:23]} Kg4 {[%emt 0:00:25]} 39. Kxb4 {[%emt 0:00:11]} Ra1 {[%emt 0:00:04]} 40. Kc5 {[%emt 0:00:00]} g5 {[%emt 0:00:00]} 41. b4 {[%emt 0:02:28]} 1-0

[Event "3rd Memorial Warakomska 2019"]
[Site "Suwalki"]
[Date "2019.08.05"]
[Round "1.46"]
[White "Oborski, Artur"]
[Black "Walter, Szymon"]
[Result "0-1"]
[WhiteElo "1969"]
[BlackElo "2314"]
[Annotator "TA"]
[PlyCount "54"]
[EventDate "2019.08.05"]
[EventType "swiss"]
[EventCountry "POL"]
[SourceTitle "playchess.com"]
[Source "ChessBase"]
[SourceQuality "1"]

{[%evp 9,70,6,25,23,19,17,27,7,12,10,18,16,18,0,-7,-35,-51,-41,-37,-57,-47,-91,-95,-82,-89,-72,-80,-110,-33,-33,-36,-45,-45,-51,-47,-57,-57,-57,-58,-60,-62,-60,-68,-111,-95,-89,-57,-217,-221,-203,-177,-150,-43,-27,-29,-145,-153,-148,-155,-147,-140,-566,-532]} 1. d4 Nf6 2. c4 e6 3. Nf3 Bb4+ 4. Nbd2 O-O 5. g3 Re8 (5... b6 6. Bg2 Bb7 7. O-O Re8 8. b3 a5 9. a3 Bxd2 10. Qxd2 d6 11. a4 Nbd7 12. Bb2 e5 13. d5 Nc5 14. Qc2 Bc8 15. Nd2 Bg4 {0-1 (66) Vitiugov,N (2724)-Najer,E (2707) Tbilisi 2017}) 6. Bg2 {E11: Bogo-Indian} Bf8 7. e4 $146 ({Predecessor:} 7. O-O d6 8. e4 e5 9. d5 a5 10. h3 Na6 11. Ne1 Nc5 12. b3 c6 13. Ba3 {½-½ (22) Cofman,V (2145)-Niklasch,O (2325) Ditzingen 2015}) 7... d5 8. e5 {White has an edge.} Nfd7 $1 9. O-O c5 10. cxd5 exd5 11. Re1 Nc6 {[%cal Bb8c6,Bc6e5,Be5f3][%mdl 32]} 12. dxc5 (12. Nb3 $5 {[%cal Rf3g5]}) 12... Ndxe5 13. Nxe5 Nxe5 14. h3 Qf6 15. Nb3 {[#] f4 is the strong threat.} Nf3+ $1 {[%mdl 576] Discovered Attack} 16. Bxf3 (16. Qxf3 Rxe1+) 16... Rxe1+ 17. Qxe1 Qxf3 18. Qf1 d4 ({Black should try} 18... Qf6 $17 19. h4 Bd7) 19. Nxd4 $15 Qh5 20. Kh2 Bxc5 21. Be3 Bd7 22. Nc2 Bd6 23. Nd4 Re8 {White must now prevent ...Re4.} 24. Qg2 h6 25. Rc1 Qg6 26. Qf3 ({Don't go for} 26. Qxb7 $2 Rxe3 $1 {[%mdl 512]} 27. Rg1 (27. Qxd7 $2 Rxg3 28. Qxd6 Rg2+ 29. Kh1 Qxd6 $19) 27... Re7 $19) 26... Re4 27. Ne2 Rh4 {Played: Qg6-e6} 0-1

[Event "3rd Memorial Warakomska 2019"]
[Site "Suwalki"]
[Date "2019.08.05"]
[Round "1.47"]
[White "Zakrzewski, Marek"]
[Black "Bai, Adelard"]
[Result "1-0"]
[WhiteElo "2311"]
[BlackElo "2113"]
[Annotator "TA"]
[PlyCount "55"]
[EventDate "2019.08.05"]
[EventType "swiss"]
[EventCountry "POL"]
[SourceTitle "playchess.com"]
[Source "ChessBase"]
[SourceQuality "1"]

{[%evp 19,55,16,29,20,21,32,18,20,34,29,35,13,49,45,71,64,116,65,104,103,145,154,324,294,320,322,304,300,490,483,446,404,542,549,577,585,613,593]} 1. c4 e5 2. Nc3 Nc6 3. Nf3 g6 4. d4 exd4 5. Nxd4 Bg7 6. Nxc6 bxc6 7. g3 Ne7 8. Bg2 O-O 9. O-O Rb8 10. Qa4 a6 11. c5 {A27: English Opening: Three Knights Variation} (11. Rd1 c5 12. Qc2 d6 13. b3 Bf5 14. Qd2 Qd7 15. Bb2 Rfe8 16. e3 h5 17. h4 Bg4 18. Re1 Nc6 19. Nd5 Ne5 20. f4 Nxc4 21. bxc4 Rxb2 22. Qa5 Bh3 23. Bf3 Bg4 24. Qxc7 Qa4 25. Ne7+ Rxe7 {0-1 (25) Rakhmanov,A (2629)-Yudin,S (2507) St Petersburg 2018}) 11... d5 12. cxd6 cxd6 13. Rd1 {The position is equal.} d5 14. Qa3 Be5 {[#]} 15. Rb1 $146 ({Predecessor:} 15. Qa4 Re8 16. Qc2 Qb6 17. Na4 Qb5 18. Nc5 Bf5 {1-0 (36) Sher,M (2510)-Belikov,V (2480) Elista 1995}) 15... Qc7 16. Be3 Bf5 17. Rbc1 Bd6 (17... Rfd8 $14) 18. Bc5 (18. Qxa6 $16 {[%cal Rc3d5] And now Nxd5! would win.} Qd7 19. Bh6) 18... Bxc5 19. Qxc5 Rxb2 {[#]} 20. Bxd5 $1 {[%mdl 512]} Qb6 $2 (20... Rc2 $16 21. Rxc2 Bxc2) (20... cxd5 21. Qxc7) 21. Qxe7 $18 cxd5 22. Nxd5 Qe6 {[#]} 23. e4 $1 {[%mdl 512]} Bg4 $2 (23... Re2 24. Rc7 (24. exf5 Qxe7 25. Nxe7+ Rxe7 $16) 24... Rxe4 25. Nf6+ {[%mdl 64] Double Attack} Kg7 26. Nxe4 Qxe4 27. Qxe4 Bxe4) (23... Qxe4 24. Nf6+) 24. Qf6 Rb7 25. f3 Bh3 {If only Black now had time for ...Qxf6....} 26. Qd4 {White is clearly winning.} f6 27. Nf4 Qd7 28. Qc4+ {Accuracy: White = 54%, Black = 22%.} 1-0

[Event "3rd Memorial Warakomska 2019"]
[Site "Suwalki"]
[Date "2019.08.05"]
[Round "1.48"]
[White "Bachor, Tomasz"]
[Black "Koziol, Kamil"]
[Result "1/2-1/2"]
[WhiteElo "2022"]
[BlackElo "2307"]
[Annotator "TA"]
[PlyCount "72"]
[EventDate "2019.08.05"]
[EventType "swiss"]
[EventCountry "POL"]
[SourceTitle "playchess.com"]
[Source "ChessBase"]
[SourceQuality "1"]

{[%evp 15,72,28,32,-34,-4,-8,-14,-14,0,-50,-59,-42,-42,-83,-20,-105,-38,-61,-41,-90,-90,-90,-89,-99,-81,-110,-104,-108,-122,-121,-125,-128,-115,-118,-114,-269,-272,-279,-272,-281,-288,-266,-149,-156,-151,-139,-145,-147,-137,-179,-179,-180,24,24,24,24,42,42,42]} 1. d4 d5 2. c4 e6 3. Nc3 Bb4 4. cxd5 exd5 5. Nf3 Nf6 6. Bg5 h6 7. Bh4 g5 8. Bg3 Ne4 9. Rc1 {D38: Queen's Gambit Declined: Ragozin Defence (4 Nf3 Bb4)} (9. Nd2 $14) (9. Nd2 Nxc3 10. bxc3 Bxc3 11. Rc1 Bb2 12. Rxc7 Na6 13. Rc2 Bxd4 14. e3 Bg7 15. Bxa6 bxa6 16. O-O O-O 17. Nb3 Be6 18. Qd3 {½-½ (35) Vachier Lagrave,M (2788)-Aronian,L (2784) Stavanger 2016}) 9... h5 {...h4 is the strong threat.} 10. Qa4+ Nc6 11. Ne5 $1 {The position is equal.} Bd7 12. Nxd7 (12. Qb3 $5 {[%cal Rb3d5]}) 12... Qxd7 ({Of course not} 12... Nxg3 $6 13. hxg3 Qxd7 14. e3 $16) 13. f3 $1 {[%cal Rf3e4]} Nxg3 14. hxg3 Bd6 (14... Qe6 $17 15. a3 Bd6) 15. Rh3 $146 (15. Kf2 $11) ({Predecessor:} 15. Kf2 h4 16. gxh4 gxh4 {0-1 (31) Sikanjic,B (2170)-Godena,M (2561) Rijeka 2010}) 15... Ne7 (15... O-O-O $17 {aiming for ...g4.} 16. Nb5 Kb8) 16. g4 Bf4 17. Rd1 Qxa4 18. Nxa4 h4 $36 {[%mdl 2048] Black is on the roll.} 19. Rd3 f5 20. Nc5 Rh6 21. gxf5 Nxf5 22. e4 dxe4 23. fxe4 {[#]} Ng3 $1 {And now ...g4 would win.} 24. Be2 b6 25. Na6 $2 (25. Na4 $17) 25... O-O-O $19 ({Not} 25... Nxe4 {[#]} 26. Rhe3 $1 $14 {[%mdl 512]}) 26. e5 {[#]} c5 $1 {[%mdl 512]} 27. dxc5 {Hoping for Bg4+.} Rxd3 28. Bxd3 Re6 (28... Bxe5 $19 {Threatens to win with ...bxc5.} 29. Nb4 bxc5) 29. cxb6 Rxe5+ 30. Kd1 axb6 31. Nb4 Rc5 {[%csl Gf4][%cal Rc5c1]} 32. Bc2 Be3 33. a4 Rc7 $2 {[#]} ({Black should try} 33... Rc4 $19 34. Nd3 Rd4) 34. Rxg3 $1 $11 {[%mdl 512]} hxg3 35. Nd5 $1 {[%csl LRc7,LRe3][%cal Rd5e3][%mdl 64] Double Attack} Bf4 36. Nxc7 Kxc7 {Accuracy: White = 46%, Black = 48%.} 1/2-1/2